| 000 | 00617nam a2200229Ia 4500 | ||
|---|---|---|---|
| 008 | 180523s9999 xx 000 0 und d | ||
| 020 | _a978-981-06-9861-4 | ||
| 050 | _aMAIN GN 316 | ||
| 050 | _b.M55 2005 c.1 | ||
| 100 | _aMiller, Barbara D. | ||
| 245 | 4 | _aThe Anthropology of culture / | |
| 245 | 0 | _cBarbara D. Miller. | |
| 250 | _a3rd Edition | ||
| 260 | _aSingapore : | ||
| 260 | _bPearson Education South Asia, | ||
| 260 | _c2005 | ||
| 300 | _a459 pages : | ||
| 300 | _billustrations ; | ||
| 300 | _c25 cm. | ||
| 500 | _aIncludes bibliographical references and index. | ||
| 650 | _aAnthropology. | ||
| 999 |
_c356695 _d356695 |
||